000 00565nam a22001937a 4500
003 OSt
005 20260302084603.0
008 260204b |||||||| |||| 00| 0 eng d
020 _a9710871005
040 _aDWCL-Main Lib
_cOC
082 _aProf. 378.1224 G283 2010
100 _aGavino, Renato L.
245 _aTeachers guide for promotion /
260 _aMandaluyong City :
_bNational Book Store,
_cc2010
300 _a193 pages :
_b illustrations ;
_c22 cm.
650 _aFaculty evaluation.
650 _aTeacher - Promotion.
942 _2ddc
_cPROF.
_mProf.
_n0
999 _c8268
_d8268